000 00245nam a2200097Ia 4500
001 1163601
005 20250827011706.0
008 250824s9999 xx 000 0 und d
245 0 _aMASKE KELEŞ
_cÖZGÜR KÖRPE
260 _bYEDİTEPE YAYINLARI
999 _c1163601
_d1163601